Normal view
MARC view
Entry Personal Name
001 - CONTROL NUMBER
- control field: 63614
003 - CONTROL NUMBER IDENTIFIER
- control field: dpl
005 - DATE AND TIME OF LATEST TRANSACTION
- control field: 20240320111939.0
008 - FIXED-LENGTH DATA ELEMENTS
- fixed length control field: 240320|| aca||aabn | a|a d
040 ## - CATALOGING SOURCE
- Original cataloging agency: dpl
- Transcribing agency: dpl
100 ## - HEADING--PERSONAL NAME
- Personal name: पटनायक किशन
670 ## - SOURCE DATA FOUND
- Source citation: Work cat.: (dpl)201618: पटनायक किशन, भारत शुद्रो का होगा/, 2022
